| 000 | 00598nam a22001817a 4500 | ||
|---|---|---|---|
| 003 | BUBTL | ||
| 008 | 180101b xxu||||| |||| 00| 0 eng d | ||
| 020 | _a984-70105-0069-1 | ||
| 082 | _a891.443 / Ah52h | ||
| 100 |
_91698 _aআহমেদ,হুমায়ূন |
||
| 245 |
_aহরতন ইশকাপন / _cহুমায়ূন আহমেদ |
||
| 260 |
_aঢাকা : _bঅনন্যা, _cc2008. |
||
| 300 |
_a77 p. : _c21.5 cm. |
||
| 650 | 0 |
_91700 _aবাংলা সাহিত্য |
|
| 856 |
_k0 _l0 _yDownload |
||
| 942 |
_2ddc _cBK |
||
| 999 |
_c5631 _d5631 |
||